| 000 | 00793cam a2200289 4500500 | ||
|---|---|---|---|
| 005 | 20260329004907.0 | ||
| 041 | _afre | ||
| 042 | _adc | ||
| 100 | 1 | 0 |
_aEnjalbert, Cédric _eauthor |
| 245 | 0 | 0 | _aNi fort ni faible ! |
| 260 | _c2021. | ||
| 500 | _a100 | ||
| 690 | _aClaire Marin | ||
| 690 | _aCovid-19 | ||
| 690 | _aFaiblesse | ||
| 690 | _aForce | ||
| 690 | _aFragilité | ||
| 690 | _aJean-Louis Chrétien | ||
| 690 | _aMiguel Benasayag | ||
| 690 | _aPandémie | ||
| 690 | _aRésilience | ||
| 690 | _aRésistance | ||
| 690 | _aStoïcisme | ||
| 690 | _aVulnérabilité | ||
| 786 | 0 | _nPhilosophie magazine | 152 | 9 | 2021-09-01 | p. 27-27 | 1951-1787 | |
| 856 | 4 | 1 | _uhttps://shs.cairn.info/magazine-philosophie-magazine-2021-9-page-27?lang=fr&redirect-ssocas=7080 |
| 999 |
_c1838257 _d1838257 |
||